000 00526nam a22002297a 4500
003 UA-OsUOA
001 40148
007 ta
008 20080602b un ||||| |||| 00| 0 ukr d
100 _aГулін Я.
090 _a929
_bГ94
942 _cBK
040 _aUA-OsUOA
_bukr
_cUA-OsUOA
_dUA-OsUOA
245 _aАпостол просвіти
300 _a52 с.
955 _a4
041 _aukr
080 _a929
260 _aЧернівці
_b"Золоті литаври"
_c2000
650 7 _2UDC
999 _c438655
_d438655